| 000 | 00839nam a2200229 i 4500 | ||
|---|---|---|---|
| 001 | 189294 | ||
| 003 | SpMaBN | ||
| 005 | 20230906223435.0 | ||
| 008 | 190521s1970 sp |||| | spa d | ||
| 080 | _a227.83.017 | ||
| 080 | _a227.85.017 | ||
| 100 | 1 |
_aJeremias, Joachim ( _d1900-1979) _966328 |
|
| 245 | 1 | 0 |
_aEpístolas a Timoteo y a Tito _b: texto y comentario / _cJoachim Jeremias ; [traducción de la 8ª ed. revisada alemana, José María Bernáldez Montalvo]. |
| 260 |
_aMadrid : _bFax, _c[1970] |
||
| 300 |
_a188 p. ; _c23 cm. |
||
| 490 | 1 |
_aActualidad bíblica ; _v21 |
|
| 630 | 0 | 7 |
_aBiblia. _pN.T. _pEpístolas pastorales- _xCrítica e interpretación. _9167071 |
| 700 | 1 |
_aBernáldez Montalvo, José María. _9153063 |
|
| 830 | 0 |
_aActualidad bíblica ; _v21 _9193281 |
|
| 852 |
_aES-MaACL _jJ-9(19) |
||
| 999 |
_c189294 _d189294 |
||